Normal view
MARC view
- Yachting
Entry Topical Term
001 - CONTROL NUMBER
- control field: 7995
003 - CONTROL NUMBER IDENTIFIER
- control field: OSt
005 - DATE AND TIME OF LATEST TRANSACTION
- control field: 20170525105302.0
008 - FIXED-LENGTH DATA ELEMENTS
- fixed length control field: 170525|| aca||aabn | a|a d
040 ## - CATALOGING SOURCE
- Original cataloging agency: OSt
- Transcribing agency: OSt
150 ## - HEADING--TOPICAL TERM
- Topical term or geographic name entry element: Yachting
- General subdivision: History
670 ## - SOURCE DATA FOUND
- Source citation: Work cat.: (OSt): Borden, Charles A. 7994, Sea quest; global blue-water adventuring in small craft, [1967]

PORTAL AKMAL
E-MEL JKDM
AKMAL2U
G-BAM
u-PUSTAKA